Paroles : Tout l'or des hommes - Céline Dion - Statistiques

Statistiques générales
  • Ce quiz a été pris 40 fois
    35 depuis la dernière actualisation
  • Le résultat moyen est 153 sur 195
Statistiques - réponses
Réponse % Correct
De
100%
À
96%
Es
93%
Hommes
93%
Hommes)
93%
Le
93%
L'or
93%
Me
93%
Moi
93%
Tout
93%
(Tout
93%
Des
89%
Loin
89%
Ne
89%
Plus
89%
Rien
89%
Si
89%
Tu
89%
Vaut
89%
L'amour
86%
Monde
86%
Pas
86%
Du
82%
Et
82%
Fait
82%
J'ai
82%
Ton
82%
Les
79%
M'a
79%
Mes
79%
Un
79%
Au
75%
Change
75%
Qui
75%
Sais
75%
Surtout
75%
Se
71%
Coeur
68%
Mais
68%
Toi
68%
Alors
64%
C'est
64%
Sans
64%
Dans
61%
Depuis
61%
Armes
57%
En
57%
Non
57%
Nouveau
57%
Tes
57%
Autre
54%
Combat
54%
Déposé
54%
Jour
54%
Nuits
54%
Peu
54%
Quelque
54%
Destin
50%
Hasard
50%
Importe
50%
Là-bas
50%
Lève
50%
Nul
50%
Rêves
50%
Creux
46%
Douceur
46%
Jusqu'à
46%
L'entrée
46%
Milieu
46%
Pareil
46%
Part
46%
Sommeil
46%
Suivi
46%
Allait
43%
Lentement
43%
Montré
43%
Passage
43%
Voyage
43%
Chars
11%
Aucun quiz correspondant
Distribution des résultats
% des personnes avec chaque résultat
Percentile par nombre de réponses
Votre historique - résultats
Vous n’avez pas pris ce quiz depuis la dernière actualisation